000 00363nam a2200157Ia 4500
008 230711s9999||||xx |||||||||||||| ||und||
041 _aENG
082 _a720
_bLA-D
100 _aLawson,Bryan
245 0 _aHow designer think
250 _a1st
260 _c1990
_aNew Delhi
_bButterworth-Heinemann Ltd
300 _a243
650 _aArchitecture
942 _cBK
999 _c2451
_d2451